| 000 | 00478nam a2200181Ia 4500 | ||
|---|---|---|---|
| 001 | 2550 | ||
| 005 | 20260306144815.0 | ||
| 008 | 260306t2012||||xx |||||||||||||| ||spa|| | ||
| 041 | _aESP | ||
| 082 |
_a616.8914021 _bF81 |
||
| 100 |
_aFrankl, Viktor _eAUT |
||
| 245 | 0 |
_aBúsqueda de Dios y sentido de la vida: _bdiálogo entre un teólogo y un psicólogo |
|
| 260 | _c2012 | ||
| 300 |
_a156 páginas : _c22 cm. |
||
| 650 | _aGEN | ||
| 654 | _aCPS | ||
| 942 |
_cLIB _dJUS _fJUS _2ddc _n |
||
| 999 |
_c2550 _d2550 |
||